000 00318nam a2200133Ia 4500
005 20251222140045.0
008 251222s1900||||xx |||||||||||||| ||spa||
082 _a201/R78
100 _aRojas, Antonio
245 0 _aForjadores del Nuevo Mundo:
250 _a1ra. ed.
264 _bGráficas Santa María
942 _cLIB
999 _c3422
_d3422